AD Ceuta FC Squad 2025-2026 - Statistics

General Stats
  • This quiz has been taken 9 times
    4 since last reset
  • The average score is 17 of 31
Answer Stats
# Position Nation Player % Correct
13 GK Spain Guillermo Vallejo
100%
22 FW Ivory Coast Kialy Abdoul Koné
100%
21 FW Spain Manu Vallejo
100%
9 FW Spain Marcos Fernández
100%
23 FW Morocco Anuar
75%
6 DF Spain Carlos Hernández
75%
20 MF Spain José Campaña
75%
18 FW United States Konrad de la Fuente
75%
1 GK Spain Pedro López
75%
14 MF France Yann Bodiger
75%
5 MF Morocco Youness Lachhab
75%
26 MF Ivory Coast Aboubacar Bassinga
50%
7 MF Spain Aisar Ahmed
50%
4 DF Spain Albert Caparrós
50%
10 MF Spain Cristian Rodríguez
50%
15 DF Spain Diego González
50%
- Coach Spain José Juan Romero
50%
3 DF Spain José Matos
50%
11 FW Spain Juanto Ortuño
50%
8 MF Spain Kuki Zalazar
50%
19 MF Spain Rubén Díez
50%
12 FW Ghana Samuel Obeng
50%
20 MF Spain Andy Escudero
25%
16 DF Spain Carlos Redru
25%
17 DF Spain Gonzalo Almenara
25%
11 FW Argentina Ignacio Schor
25%
2 DF Spain Manu Sánchez
25%
27 FW Spain Marc Domènech
25%
12 MF Spain Marino Illescas
25%
25 FW Spain Salvi Sánchez
25%
24 DF Spain Yago Cantero
25%
No matching quizzes found
Score Distribution
Percent of People with Each Score
Percentile by Number Answered
Your Score History
You have not taken this quiz since the last reset